000 00319nam a2200133 i 4500
001 bg
100 1 _aZUBAREV, D. N.
245 0 _aNeravnovesnaja staticeskaja termodynamika /
_cD.N. Zubarev.
260 _aMoskva,
_c1971.
040 _cBPK
041 _apol
942 _cKS
008 s pl f |000 0 pol
999 _c13764
_d13764
856 _uhttp://koha.tu.koszalin.pl/cgi-bin/koha/opac-detail.pl?biblionumber=13764
_yKatalog online BPK